| 000 | 01273nam0a22002891 4500 | ||
|---|---|---|---|
| 001 | rc\3320949 | ||
| 005 | 20230804105600.0 | ||
| 021 |
_aRU _b72-57336 |
||
| 021 |
_aRU _bРг13682-72 |
||
| 035 | _a(NLR Aleph) 007419823 | ||
| 090 |
_a6903991 _c6903991 |
||
| 100 | _a20130115d1972 |||y0rusy50 ca | ||
| 101 | 0 | _arus | |
| 102 | _aRU | ||
| 105 | _aa z ||||| | ||
| 200 | 1 |
_aГидрологические критерии устойчивости и преобразования болотных и озерно-болотных систем _fООН по вопросам образования, науки и культуры. Междунар. симпозиум по гидрологии заболоч. территорий. 17-24 июля, 1972. Минск |
|
| 210 |
_aМинск _cБ. и. _d1972 |
||
| 215 |
_a15 с., включ. обл. _cил. _d25 |
||
| 320 | _aБиблиогр.: с. 15 | ||
| 700 | 1 |
_aИванов _bК. Е. _f1912-1994 _gКонстантин Евгеньевич |
|
| 712 | 1 | 2 | _aМеждународный симпозиум по гидрологии заболоч. территорий (1972; Минск) |
| 801 | 0 |
_aRU _bNLR _gpsbo |
|
| 801 | 1 |
_aRU _bELAR _2rusmarc |
|
| 852 |
_aNLR _j72-7/1660 |
||
| 942 | _cBOOK | ||
| 980 | _aNB | ||